00809 a2200217 4500003000500000005001700005010001600022020001500038040000900053082001600062100002900078245005200107250001200159260004700171300004100218505014000259650003500399942001300434999001900447952012500466Nust20221121175228.0 a 98041278 a0766804240 cNust00a621.381,MEA1 aMeade, Russell L.98138010aFoundations of electronics /cRussell L. Meade. a3rd ed. aAlbany, N.Y. :bDelmar Publishers,cc1999. axxxii, 860 p. :bcol. ill. ;c26 cm. aPart1: Foundational Concepts.Part 2: Bsic Circuits Anaylsis Part 3: Producing $ Measuring Elec Part 4: Reactive Commponents (Page-464). 0aTelecommunication Engineering. cREF2ddc c175658d175658 00102ddc4070aMCSbMCScGENd2016-12-12o621.381,MEApMCS28272r2016-12-08w2016-12-12yBKzAlmirah No.31, Shelf No.4